000 00366nam a2200157Ia 4500
003 OSt
005 20240202120635.0
008 170524s9999 xx 000 0 und d
020 _a978-9351420347
040 _cIIMT UNIVERSITY
100 _aMithani.- Dr. D M
100 _c2011
245 0 _aMANAGERIAL ECONOMICS
260 _aHimalaya Pub. House
942 _2ddc
_c02
999 _c2549
_d2549